000 01134nam a2200301 a 4500
001 BRCA_4595
005 20190320204729.0
008 240910s1957----mx-a######---#000-0#spa-#
041 _aspa
044 _amx
050 4 _aN5230
_b.R66 1 1957
100 1 _aRomero de Terreros, Manuel
_911627
245 1 0 _aUna casa del siglo XVIII en México
_bLa del Conde de San Bartolomé de Xala
_creseña, selección de documentos y notas de Manuel Romero de Terreros.
260 _aMéxico
_bImprenta Universitaria
_c1957
300 _a83 p.
_bil., 46 láminas
_c24 cm.
440 0 _aEstudios y fuentes del arte en México
_v8
_911628
500 _aIncluye índice de ilustraciones
500 _aEstado físico: Lomo deteriorado
500 _aEjemplar igual a Y50
500 _aD28
504 _aBibliografía: p. 77
600 1 4 _aRodríguez de Pedroso y Soria, Antonio
_cConde de San Bartolomé de Xala
_d1738-1800
_911629
650 1 4 _aArte
_xColecciones particulares
_97906
651 4 _aMéxico (Ciudad)
_xCasas histórcas
_911630
710 2 _aUNAM
_bInstituto de Investigaciones Estéticas
_911430
902 _aGFM
942 _2lcc
_cB
999 _c4300
_d4300